Central Library OPAC University of Rajshahi

The Evaluation and application of survey research in the Arab world / (Record no. 25447)

MARC details
000 -LEADER
fixed length control field 01387cam a2200361 a 4500
001 - CONTROL NUMBER
control field 25447
003 - CONTROL NUMBER IDENTIFIER
rucl marc code BD-RjUL
005 - DATE AND TIME OF LATEST TRANSACTION
control field 20211209050900.0
008 - FIXED-LENGTH DATA ELEMENTS--GENERAL INFORMATION
fixed length control field 140318s1987 cou b 10000 eng d
020 ## - INTERNATIONAL STANDARD BOOK NUMBER
International Standard Book Number 0813300231 (alk. paper) :
035 ## - SYSTEM CONTROL NUMBER
System control number (BD-RjUL) 25517
040 ## - CATALOGING SOURCE
Original cataloging agency DLC
Transcribing agency DLC
Modifying agency BD-RjUL
Language of cataloging eng
041 ## - LANGUAGE CODE
Language code of text/sound track or separate title eng
082 ## - DEWEY DECIMAL CLASSIFICATION NUMBER
Classification number 953
Author mark and year EVA 1987
245 04 - TITLE STATEMENT
Title The Evaluation and application of survey research in the Arab world /
Statement of responsibility, etc. Mark A. Tessler ... [et al.]
260 ## - PUBLICATION, DISTRIBUTION, ETC. (IMPRINT)
Place of publication, distribution, etc. Boulder, Colo. :
Name of publisher, distributor, etc. Westview Press,
Date of publication, distribution, etc. 1987.
300 ## - PHYSICAL DESCRIPTION
Pagination xii, 209 p. ;
Size 24 cm.
490 0# - SERIES STATEMENT
Series statement Westview special studies on the Middle East.
500 ## - GENERAL NOTE
General note Chiefly papers from a conference held in Bellagio, Italy, in June 1983 which was sponsored by the Rockefeller Foundation.
504 ## - BIBLIOGRAPHY, ETC. NOTE
Bibliography, etc Includes bibliographies.
650 #0 - SUBJECT ADDED ENTRY--TOPICAL TERM
Topical term or geographic name as entry element Social sciences
General subdivision Research
Geographic subdivision Arab countries
General subdivision Congresses.
9 (RLIN) 78239
Topical term or geographic name as entry element Evaluation research (Social action programs)
Geographic subdivision Arab countries
General subdivision Congresses.
9 (RLIN) 78240
Topical term or geographic name as entry element Social surveys
Geographic subdivision Arab countries
General subdivision Congresses.
9 (RLIN) 78241
651 #0 - SUBJECT ADDED ENTRY--GEOGRAPHIC NAME
Geographic name Arab countries
General subdivision Research
-- Congresses.
9 (RLIN) 78242
700 10 - ADDED ENTRY--PERSONAL NAME
Personal name Tessler, Mark A.
710 20 - ADDED ENTRY--CORPORATE NAME
Corporate name or jurisdiction name as entry element Palmer, Monte
9 (RLIN) 78244
Corporate name or jurisdiction name as entry element Rockefeller Foundation
9 (RLIN) 78245
Corporate name or jurisdiction name as entry element Farah, Tawif E.
9 (RLIN) 78246
Corporate name or jurisdiction name as entry element Ibrahim, Barbara Lethem
9 (RLIN) 78247
942 ## - ADDED ENTRY ELEMENTS (KOHA)
Source of classification or shelving scheme Dewey Decimal Classification
Koha item type Books
Holdings
Lost status Source of classification or shelving scheme Damaged status Not for loan Collection code Permanent Location Current Location Shelving location Date acquired Source of acquisition Cost, normal purchase price Total Checkouts Full call number Date last seen Copy number Koha item type
  Dewey Decimal Classification   Added to bundle Non-fiction Central Library, University of Rajshahi Central Library, University of Rajshahi Reading Room 29/10/1989 GIFT 0.00   953 EVA 1987 18/03/2014 C-1 Books